000 00223nam a22000857a 4500
008 161201b xxu||||| |||| 00| 0 eng d
100 _91713
_aArya. A. B
245 _aOpen windows reader
260 _aNew delhi
_bFrank brothers
_c2006
999 _c4426
_d4426